000 00707cam a2200241 4500
001 76357
003 BD-RjUL
005 20211209082830.0
008 191127s1953 n a 001 0 eng
035 _a(BD-RjUL)76578
040 _aDLC
_cDLC
_dBD-RjUL
_beng
041 _aeng
082 0 0 _a547.13
_bINS 1954
_223
100 1 _aIngold, C. K.
_d1893-
_931912
245 1 0 _aStructure and mechanism in organic chemistry /
_cby C. K. Ingold.
260 _aNewyork :
_bCornell University press,
_cc1953.[1954]
300 _avii, 828 p. :
_billus. ;
_c24 cm.
504 _aIncludes index.
650 0 _aPhysical organic chemistry.
_931913
942 _2ddc
_cBK
999 _c76357
_d76357